zpět

Detail výsledku týmu

The Pub Praha 2 ČT, Praha

Datum a čas kvízu

35 Celkem bodů Celkový počet nahraných bodů na tomto kvízu bez doplňovacích otázek.
7. Pořadí na kvízu Konečné umístění týmu na tomto kvízu.

Zaznamenané odpovědi

# Otázka Odpověď Body Výsledky
1. Co bylo hlavní motivací kavárn... C 0
2. Kterým dvěma politikům praskla... Andrej Babiš, Emmanuel Macron 1
3. „Mí rodiče celý můj život kont... Beckhamových 1
4. Společnost Ryanair se dostala... o Elona Muska 1
5. Která tenistka zaujala při vst... Naomi Ósaka 0
6. Jak se jmenuje italský horolez... Reinhold Messner 0
7. Jak se trojslovně jmenuje tato... lezení na rychlost 1
8. Jak se jedním slovem nazývá ho... mačky 1
9. Po půl bodu můžete získat, kdy... El Capitan, Yosemite 1
10. Jak se jmenuje fenomenální slo... B) Janja Garnbret 0